[Event "Kreismeisterschaft Mittelfranken Mitte 2"]
[Site "Nuernberg"]
[Date "2026.01.06"]
[Round "6.13"]
[White "Waschner, Chili"]
[Black "Poerzgen, Michael"]
[Result "1-0"]
[WhiteElo "1883"]
[BlackElo "1833"]
[PlyCount "129"]
[EventDate "2026.01.02"]
[WhiteTeam "Spvg Zabo-Eintracht NÃ¼rnberg e.V"]
[BlackTeam "SC Schwarz-WeiÃŸ NÃ¼rnberg SÃ¼d e.V"]

1. d4 d5 2. Nc3 c6 3. Bf4 Bf5 4. f3 h5 5. e4 dxe4 6. fxe4 Bg4 7. Qd2 h4 8. h3
Bh5 9. Nf3 e6 10. O-O-O Be7 11. d5 g5 12. Be5 f6 13. Bd4 e5 14. Be3 Bb4 15. a3
Ba5 16. dxc6 Qxd2+ 17. Bxd2 Nxc6 18. Nd5 Bxd2+ 19. Rxd2 O-O-O 20. Bc4 Rh7 21.
Rf1 Rhd7 22. c3 Bf7 23. Rfd1 Kb8 24. Nh2 Bg6 25. Bd3 Nce7 26. c4 Bh5 27. Be2
Bf7 28. Ng4 Bxd5 29. exd5 Nf5 30. Nxf6 Nxf6 31. Rf1 Nd4 32. Rxf6 Nb3+ 33. Kc2
Nxd2 34. Kxd2 Rg7 35. Re6 Rf8 36. Ke3 Kc7 37. Bf3 Rf5 38. c5 e4 39. Kxe4 Rf4+
40. Ke5 Rgf7 41. d6+ Kd8 42. Bg4 Rf1 43. Rg6 Re1+ 44. Kd5 Rf2 45. b4 Rd2+ 46.
Kc4 a6 47. Be6 Rxe6 48. Rxe6 Rxg2 49. Re3 g4 50. hxg4 Rxg4+ 51. Kd3 Rg7 52. Ke2
Rf7 53. Rf3 Rg7 54. Kf2 Kd7 55. Rf8 Rh7 56. Kg2 Kc6 57. Kh3 Rd7 58. Kxh4 a5 59.
Kg4 axb4 60. axb4 Kb5 61. Rf4 b6 62. Kf5 bxc5 63. Ke6 Ra7 64. bxc5 Kxc5 65. d7
1-0

[Event "Kreismeisterschaft Mittelfranken Mitte 2"]
[Site "Nuernberg"]
[Date "2026.01.06"]
[Round "6.14"]
[White "Martick, Ralph"]
[Black "Hahn, Thomas"]
[Result "1/2-1/2"]
[WhiteElo "1767"]
[BlackElo "1813"]
[PlyCount "93"]
[EventDate "2026.01.02"]
[WhiteTeam "SV Postbauer e.V."]
[BlackTeam "Spvg Zabo-Eintracht NÃ¼rnberg e.V"]

1. b3 f5 2. Bb2 Nf6 3. Bxf6 exf6 4. e3 d5 5. d4 Bb4+ 6. c3 Bd6 7. g3 Be6 8. Bg2
Nd7 9. Ne2 c6 10. Nd2 Qc7 11. Rc1 b5 12. c4 Ba3 13. Rc2 bxc4 14. bxc4 Qa5 15.
O-O O-O 16. Nf4 Bf7 17. cxd5 cxd5 18. Nb3 Qb5 19. Qd3 Qxd3 20. Nxd3 Rac8 21.
Ndc5 Bxc5 22. Nxc5 Rc7 23. Rb1 Rfc8 24. Rb5 a6 25. Ra5 Nxc5 26. Raxc5 Rxc5 27.
dxc5 Kf8 28. Kf1 Ke8 29. Ke2 Kd7 30. Kd3 Rb8 31. Bf1 Kc6 32. Kd4 Rb4+ 33. Kc3
a5 34. a3 Rb1 35. Bd3 g6 36. Kd4 Rb3 37. Ra2 Be6 38. Bc2 Rb8 39. Ba4+ Kc7 40.
Rc2 g5 41. f4 h6 42. c6 Rb1 43. Kc5 h5 44. Rc3 h4 45. gxh4 gxh4 46. Rc2 Ra1 47.
Rb2 1/2-1/2

[Event "Kreismeisterschaft Mittelfranken Mitte 2"]
[Site "Nuernberg"]
[Date "2026.01.06"]
[Round "6.16"]
[White "Fiedler, Wolfgang"]
[Black "Atturi, Sathwik Reddy"]
[Result "0-1"]
[WhiteElo "1975"]
[BlackElo "1696"]
[PlyCount "100"]
[EventDate "2026.01.02"]
[WhiteTeam "SC Schwarz-WeiÃŸ NÃ¼rnberg SÃ¼d e.V"]
[BlackTeam "Spvg Zabo-Eintracht NÃ¼rnberg e.V"]

1. f4 d5 2. Nf3 c5 3. c3 Nc6 4. d4 Bf5 5. e3 e6 6. Bd3 Bxd3 7. Qxd3 f5 8. Qb5
Qb6 9. a4 h6 10. O-O Nf6 11. Ne5 Qxb5 12. axb5 Nxe5 13. fxe5 Ne4 14. Nd2 Be7
15. Nxe4 fxe4 16. Bd2 Rf8 17. Rfc1 Kd7 18. Ra4 cxd4 19. cxd4 Rfc8 20. Bc3 Bg5
21. Kf2 Rf8+ 22. Ke2 Rf7 23. Rca1 Raf8 24. Be1 Rc8 25. Kd2 Ke8 26. Rxa7 Rfc7
27. Ke2 Rc2+ 28. Bd2 Rxb2 29. Rxb7 Rcc2 30. Rd1 Rb3 31. Rc1 Rxe3+ 32. Kd1 Rxd2+
33. Kxd2 Rd3+ 34. Kc2 Bxc1 35. Kxc1 e3 36. Kc2 e2 37. Kxd3 e1=Q 38. b6 Qe4+ 39.
Kc3 Qe3+ 40. Kb4 Qxd4+ 41. Kb5 Qc4+ 42. Ka5 Qc3+ 43. Kb5 Qxe5 44. Rc7 d4+ 45.
Ka6 d3 46. Rc8+ Kd7 47. b7 d2 48. b8=Q Qxb8 49. Rxb8 d1=Q 50. Rb7+ Kc6 0-1

[Event "Kreismeisterschaft Mittelfranken Mitte 2"]
[Site "Nuernberg"]
[Date "2026.01.06"]
[Round "6.18"]
[White "Hanek, Erik"]
[Black "Becker, Christian"]
[Result "1-0"]
[WhiteElo "1856"]
[BlackElo "1788"]
[PlyCount "81"]
[EventDate "2026.01.02"]
[WhiteTeam "SC Schwarz-WeiÃŸ NÃ¼rnberg SÃ¼d e.V"]
[BlackTeam "SC Schwarz-WeiÃŸ NÃ¼rnberg SÃ¼d e.V"]

1. e4 e6 2. d4 d5 3. Nd2 Nc6 4. c3 Nf6 5. e5 Nd7 6. Bd3 f5 7. Ne2 Be7 8. Nf4
Nf8 9. O-O Kd7 10. Nf3 g5 11. Nxd5 h6 12. Nxe7 Nxe7 13. b3 b6 14. Bb2 Bb7 15.
c4 c6 16. Qe2 Rc8 17. Rad1 Kc7 18. Rd2 Nfg6 19. g3 g4 20. Ne1 h5 21. f4 h4 22.
Ng2 hxg3 23. hxg3 Rh3 24. Kf2 c5 25. Rg1 cxd4 26. Ba3 Bf3 27. Qe1 Qe8 28. Bd6+
Kb7 29. b4 b5 30. c5 Nd5 31. Qf1 Rh2 32. Bxb5 Ne3 33. Bxe8 Nxf1 34. Kxf1 Rxe8
35. Rxd4 Reh8 36. Kf2 R8h3 37. a4 Nh4 38. gxh4 Bxg2 39. Rxg2 g3+ 40. Kf3 Rh1
41. Rxg3 1-0

[Event "Kreismeisterschaft Mittelfranken Mitte 2"]
[Site "Nuernberg"]
[Date "2026.01.06"]
[Round "6.19"]
[White "Nuesslein, Christian Thomas"]
[Black "Yanpala, Oguz Faruk"]
[Result "1-0"]
[WhiteElo "1791"]
[BlackElo "1624"]
[PlyCount "118"]
[EventDate "2026.01.02"]
[WhiteTeam "SC Anderssen NÃ¼rnberg 1929 e.V."]
[BlackTeam "SC JÃ„KLECHEMIE Talente Franken e"]

1. b4 Nf6 2. Bb2 e6 3. b5 d5 4. e3 Bd6 5. Be2 O-O 6. c4 c6 7. a4 dxc4 8. Bxc4
cxb5 9. axb5 Nbd7 10. Ba3 Bxa3 11. Nxa3 Ne5 12. Be2 Bd7 13. Nf3 Ng6 14. O-O Rc8
15. Qb3 e5 16. Nc4 Be6 17. Rxa7 Qc7 18. Rc1 Nd7 19. Qa3 Nb6 20. d3 e4 21. Nd4
Bd5 22. Ra1 Bxc4 23. dxc4 Ra8 24. Qc3 Rxa7 25. Rxa7 Nd7 26. Nf5 f6 27. Qd4 Nc5
28. Qd6 Qc8 29. Qd5+ Kh8 30. Nd6 Qc7 31. Nxe4 Nxe4 32. Qxe4 Rb8 33. g3 Ne5 34.
f4 Nf7 35. Bf3 Nd6 36. Qc2 Nxb5 37. Rxb7 Rxb7 38. Bxb7 h6 39. Be4 Nd6 40. Bd5
Qc5 41. Qc3 Nf5 42. Kf2 Ne7 43. Qd4 Qa5 44. Bf3 Nf5 45. Qd5 Qa2+ 46. Be2 Ne7
47. Qd8+ Ng8 48. Kf3 Qb1 49. Qd1 Qb7+ 50. Kf2 Qe4 51. Bd3 Qe6 52. Qf3 Ne7 53.
Qe4 Qxe4 54. Bxe4 Nc8 55. Bd5 g5 56. Kf3 Kg7 57. f5 Nd6 58. Be6 Nb7 59. Ke4 Kf8
1-0

[Event "Kreismeisterschaft Mittelfranken Mitte 2"]
[Site "Nuernberg"]
[Date "2026.01.06"]
[Round "6.20"]
[White "Babichev, Vyacheslav"]
[Black "Thoma, Dirk"]
[Result "1/2-1/2"]
[WhiteElo "1798"]
[BlackElo "1753"]
[PlyCount "89"]
[EventDate "2026.01.02"]
[WhiteTeam "SC Schwarz-WeiÃŸ NÃ¼rnberg SÃ¼d e.V"]
[BlackTeam "SC Noris-Tarrasch NÃ¼rnberg 1873"]

1. e4 c5 2. Bc4 Nc6 3. Nf3 e6 4. O-O g6 5. Nc3 a6 6. a3 Bg7 7. Re1 Nge7 8. d3
O-O 9. Ba2 b5 10. Ne2 d5 11. Ng3 Nd4 12. Nxd4 Bxd4 13. c3 Bg7 14. e5 Nc6 15. d4
cxd4 16. cxd4 Bb7 17. Be3 Rc8 18. Ne2 Na5 19. b3 Qe7 20. Bb1 Qh4 21. Bd2 Nc6
22. Bc3 Bh6 23. Rf1 f6 24. Be1 fxe5 25. dxe5 Qe7 26. f4 Rfd8 27. Nd4 Nxd4 28.
Qxd4 Qc5 29. Qxc5 Rxc5 30. Bb4 Rcc8 31. Bd3 Bf8 32. Ba5 Bc5+ 33. Kh1 Rf8 34.
Bd2 Bd4 35. Rab1 Bc3 36. Bc1 d4 37. h3 Bd5 38. Kh2 Bb7 39. Rf2 Be1 40. Re2 Bc3
41. a4 b4 42. Bc4 Rfe8 43. Bd3 a5 44. Bb5 Red8 45. Bd3 1/2-1/2

[Event "Kreismeisterschaft Mittelfranken Mitte 2"]
[Site "Nuernberg"]
[Date "2026.01.06"]
[Round "6.21"]
[White "Wenta, Theodor"]
[Black "Meyer, Stefan"]
[Result "0-1"]
[WhiteElo "1633"]
[BlackElo "1708"]
[PlyCount "78"]
[EventDate "2026.01.02"]
[WhiteTeam "SC Schwarz-WeiÃŸ NÃ¼rnberg SÃ¼d e.V"]
[BlackTeam "SC Noris-Tarrasch NÃ¼rnberg 1873"]

1. d4 Nf6 2. c4 g6 3. Nc3 Bg7 4. e4 d6 5. h3 O-O 6. Nf3 e5 7. d5 a5 8. a4 Na6
9. Bg5 h6 10. Bh4 Nc5 11. Nd2 Bd7 12. Be2 Qe8 13. f3 Nh5 14. Bf2 b6 15. Nb5 Qc8
16. Nb3 Nxb3 17. Qxb3 Nf4 18. Bf1 f5 19. Bg3 fxe4 20. fxe4 Qd8 21. O-O-O Bxb5
22. cxb5 Qg5 23. Kb1 Rf7 24. Be1 Nxg2 25. Rg1 Qe3 26. Qxe3 Nxe3 27. Be2 Nxd1
28. Bxd1 Kh7 29. b4 axb4 30. Bxb4 h5 31. Rg3 Rf1 32. Kc2 Rxa4 33. Kb3 Ra1 34.
Bc2 Bh6 35. Rc3 Ra7 36. Kb2 Rf2 37. Kb3 Bd2 38. Rc4 Bxb4 39. Kxb4 Rf3 0-1

[Event "Kreismeisterschaft Mittelfranken Mitte 2"]
[Site "Nuernberg"]
[Date "2026.01.06"]
[Round "6.22"]
[White "Naegelein, Louis"]
[Black "Walch, Roger"]
[Result "0-1"]
[WhiteElo "1692"]
[BlackElo "1779"]
[PlyCount "108"]
[EventDate "2026.01.02"]
[WhiteTeam "SV Postbauer e.V."]
[BlackTeam "SC Schwarz-WeiÃŸ NÃ¼rnberg SÃ¼d e.V"]

1. e4 c5 2. d4 cxd4 3. c3 d3 4. Bxd3 Nc6 5. Nf3 d6 6. O-O g6 7. Be3 Bg7 8. Qc2
Nf6 9. Nd4 O-O 10. f4 Ng4 11. Qe2 Nxe3 12. Qxe3 e6 13. Nd2 Nxd4 14. cxd4 Qb6
15. e5 dxe5 16. fxe5 Rd8 17. Nb3 Bd7 18. Rf2 Be8 19. Raf1 Rac8 20. h4 h5 21.
Qf4 Rd5 22. Be4 Rxd4 23. Nxd4 Qxd4 24. Qf3 Bxe5 25. Bxg6 Rc7 26. Bxh5 Qxh4 27.
g3 Qg5 28. Kh2 Qh4+ 29. Kg2 Qg5 30. Qg4 Bc6+ 31. Kh2 Qxg4 32. Bxg4 f5 33. Bh3
Rg7 34. Rc2 Bxg3+ 35. Kg1 Rh7 36. Bg2 Rh2 37. Rfc1 Bxg2 38. Rxg2 Rh3 39. Rc3 f4
40. Rc7 f3 41. Rc8+ Kf7 42. Rgc2 e5 43. R2c7+ Ke6 44. Re8+ Kd5 45. Rf7 Ke4 46.
Rc8 b5 47. Rc3 Bf4 48. Kf2 Rh2+ 49. Kg1 Rxb2 50. Rb3 Rxa2 51. Rh7 Be3+ 52. Kh1
Ra1+ 53. Kh2 Bf4+ 54. Kh3 Rh1+ 0-1

[Event "Kreismeisterschaft Mittelfranken Mitte 2"]
[Site "Nuernberg"]
[Date "2026.01.06"]
[Round "6.23"]
[White "Holzmann, Alisa"]
[Black "Nesmjanowitsch, Julia"]
[Result "1-0"]
[WhiteElo "1512"]
[BlackElo "1660"]
[PlyCount "56"]
[EventDate "2026.01.02"]
[WhiteTeam "SC JÃ„KLECHEMIE Talente Franken e"]
[BlackTeam "SC JÃ„KLECHEMIE Talente Franken e"]

1. e4 e5 2. Nf3 Nc6 3. d4 exd4 4. Bc4 Bb4+ 5. c3 dxc3 6. O-O Nf6 7. e5 d5 8.
exf6 dxc4 9. fxg7 Rg8 10. Qxd8+ Nxd8 11. bxc3 Be7 12. Re1 Rxg7 13. Ne5 b5 14.
Bh6 Rg8 15. a4 Bb7 16. f3 a6 17. Nd2 Ne6 18. axb5 axb5 19. Kh1 Bg5 20. Bxg5
Rxg5 21. Ng4 O-O-O 22. Ne4 Rg7 23. Ngf6 Nf4 24. Ng3 Nd3 25. Re7 Bc6 26. Ra7 Bb7
27. Ne8 Rxe8 28. Rxe8+ Kd7 1-0

[Event "Kreismeisterschaft Mittelfranken Mitte 2"]
[Site "Nuernberg"]
[Date "2026.01.06"]
[Round "6.24"]
[White "Mueller, Gerhard"]
[Black "Klinger, Klaus"]
[Result "1/2-1/2"]
[WhiteElo "1750"]
[BlackElo "1774"]
[PlyCount "120"]
[EventDate "2026.01.02"]
[WhiteTeam "SC Schwarz-WeiÃŸ NÃ¼rnberg SÃ¼d e.V"]
[BlackTeam "Spvg Zabo-Eintracht NÃ¼rnberg e.V"]

1. d4 e5 2. dxe5 Nc6 3. Nf3 Qe7 4. Qd5 Qb4+ 5. c3 Qc5 6. e4 Nd8 7. Be3 Qxd5 8.
exd5 d6 9. Bc4 dxe5 10. Nxe5 Bd6 11. Bd4 f6 12. Nf3 a6 13. Nbd2 Bf5 14. O-O Ne7
15. Nh4 Bg6 16. Rfe1 Nf7 17. Ne4 Kd7 18. Bb3 b6 19. c4 Be5 20. Nf3 Bh5 21.
Nxe5+ Nxe5 22. Bxe5 fxe5 23. Ng3 Bg6 24. Rxe5 b5 25. c5 Rae8 26. Rae1 Nc8 27.
Rxe8 Rxe8 28. Rxe8 Kxe8 29. a4 Kd7 30. axb5 axb5 31. f3 Ne7 32. c6+ Kd6 33.
Ne4+ Ke5 34. Nc3 b4 35. Ne2 Bd3 36. Kf2 Bxe2 37. Kxe2 Nxd5 38. Bxd5 Kxd5 39.
Kd3 g6 40. b3 h6 41. g3 h5 42. h4 Kxc6 43. Kc4 Kd6 44. Kxb4 Kd5 45. g4 Kd4 46.
gxh5 gxh5 47. f4 Ke4 48. Kc5 Kxf4 49. b4 Kg4 50. b5 Kxh4 51. Kc6 Kg3 52. Kxc7
h4 53. b6 h3 54. b7 h2 55. b8=Q h1=Q 56. Kd7+ Kg2 57. Qg8+ Kh2 58. Qh7+ Kg1 59.
Qb1+ Kh2 60. Qc2+ Qg2 1/2-1/2

[Event "Kreismeisterschaft Mittelfranken Mitte 2"]
[Site "Nuernberg"]
[Date "2026.01.06"]
[Round "7.1"]
[White "Lemba, Albert"]
[Black "Adeluette, Dennis"]
[Result "0-1"]
[WhiteElo "1973"]
[BlackElo "2103"]
[PlyCount "70"]
[EventDate "2026.01.02"]
[WhiteTeam "SC Noris-Tarrasch NÃ¼rnberg 1873"]
[BlackTeam "SC JÃ„KLECHEMIE Talente Franken e"]

1. e4 e5 2. Nf3 Nc6 3. Bc4 Bc5 4. c3 Nf6 5. d3 O-O 6. b4 Be7 7. O-O d5 8. exd5
Nxd5 9. Re1 Bf6 10. Ba3 Re8 11. Nfd2 Nb6 12. Ne4 Nxc4 13. dxc4 Bf5 14. Nbd2 Be7
15. Qa4 a6 16. Rad1 Qc8 17. Ng3 Bd3 18. c5 b5 19. cxb6 cxb6 20. c4 Nd4 21. Rc1
Bg5 22. Qd1 Qd7 23. Ngf1 Rad8 24. Rc3 Ne2+ 25. Rxe2 Bxe2 26. Qxe2 Bxd2 27. Rc2
Bg5 28. c5 bxc5 29. bxc5 Qd3 30. Qxd3 Rxd3 31. Bb4 Be7 32. g3 Rc8 33. Re2 f6
34. Ne3 Bxc5 35. Rc2 Rxe3 0-1

[Event "Kreismeisterschaft Mittelfranken Mitte 2"]
[Site "Nuernberg"]
[Date "2026.01.06"]
[Round "7.2"]
[White "Mueller, Tim"]
[Black "Levent, Abdullah"]
[Result "1-0"]
[WhiteElo "1713"]
[BlackElo "1710"]
[PlyCount "67"]
[EventDate "2026.01.02"]
[WhiteTeam "SC Noris-Tarrasch NÃ¼rnberg 1873"]
[BlackTeam "SC Noris-Tarrasch NÃ¼rnberg 1873"]

1. e4 c6 2. Nf3 d5 3. Nc3 Bg4 4. h3 Bh5 5. exd5 cxd5 6. g4 Bg6 7. Ne5 Qc7 8.
Nxg6 hxg6 9. Nxd5 Qe5+ 10. Ne3 Nc6 11. c3 O-O-O 12. d4 Qd6 13. Bg2 e5 14. d5
Qc7 15. Qe2 Nce7 16. Bd2 f5 17. c4 Nf6 18. Rc1 e4 19. f3 f4 20. fxe4 fxe3 21.
Qxe3 Nd7 22. c5 Qe5 23. O-O Nf6 24. c6 b6 25. Qd3 Rxd5 26. Qa6+ Kd8 27. c7+ Kd7
28. exd5 Qd4+ 29. Rf2 Nc8 30. Qb5+ Ke7 31. Bc3 a6 32. Re1+ Kf7 33. Qe8+ Kg8 34.
Qe6+ 1-0

[Event "Kreismeisterschaft Mittelfranken Mitte 2"]
[Site "Nuernberg"]
[Date "2026.01.06"]
[Round "7.3"]
[White "Kanewski, Josef"]
[Black "Papst, Arthur"]
[Result "1/2-1/2"]
[WhiteElo "1972"]
[BlackElo "1772"]
[PlyCount "69"]
[EventDate "2026.01.02"]
[WhiteTeam "SC Schwarz-WeiÃŸ NÃ¼rnberg SÃ¼d e.V"]
[BlackTeam "SK NÃ¼rnberg 1911 e.V."]

1. d4 Nf6 2. c4 e6 3. Nc3 Bb4 4. Bg5 c5 5. d5 exd5 6. cxd5 d6 7. e3 h6 8. Bh4
O-O 9. Bc4 Nbd7 10. Nge2 Ne5 11. Bb3 Ng6 12. Bg3 b5 13. a3 Bxc3+ 14. Nxc3 c4
15. Bc2 Qb6 16. O-O Bb7 17. b4 a5 18. Qd2 Rfe8 19. e4 Ng4 20. Kh1 h5 21. h3 h4
22. Bh2 axb4 23. hxg4 bxc3 24. Qxc3 Qc5 25. Qb4 Qxb4 26. axb4 Ne5 27. f3 g5 28.
Bg1 f6 29. Bd4 Rxa1 30. Rxa1 Ra8 31. Kg1 Rxa1+ 32. Bxa1 Kf7 33. Kf2 Ng6 34. Bd4
Ke7 35. Be3 1/2-1/2

[Event "Kreismeisterschaft Mittelfranken Mitte 2"]
[Site "Nuernberg"]
[Date "2026.01.06"]
[Round "7.4"]
[White "Ahlich, Thomas"]
[Black "Redzepovic, Irfan"]
[Result "0-1"]
[WhiteElo "1942"]
[BlackElo "1992"]
[PlyCount "74"]
[EventDate "2026.01.02"]
[WhiteTeam "Spvg Zabo-Eintracht NÃ¼rnberg e.V"]
[BlackTeam "SC Schwarz-WeiÃŸ NÃ¼rnberg SÃ¼d e.V"]

1. Nf3 Nf6 2. d4 d5 3. b3 e6 4. e3 Bd6 5. Bd3 Nbd7 6. Nbd2 c5 7. Bb2 Qc7 8. c4
cxd4 9. Nxd4 a6 10. h3 Ne5 11. Be2 dxc4 12. Nxc4 Nxc4 13. Bxc4 Bb4+ 14. Kf1 b5
15. Be2 Bb7 16. a3 Be7 17. Rc1 Qb6 18. b4 O-O 19. Bf3 Rac8 20. Bxb7 Qxb7 21.
Ke2 Rxc1 22. Qxc1 Rc8 23. Qb1 Qxg2 24. Rg1 Qxh3 25. Rh1 Qg4+ 26. Kf1 Qe4 27.
Ke2 Qxb1 28. Rxb1 g6 29. Kd3 e5 30. Ne2 Rd8+ 31. Kc2 Ne4 32. Ng3 Rc8+ 33. Kd3
Nxf2+ 34. Ke2 Rc2+ 35. Kf3 Nd3 36. Ba1 f5 37. Rd1 Rf2# 0-1

[Event "Kreismeisterschaft Mittelfranken Mitte 2"]
[Site "Nuernberg"]
[Date "2026.01.06"]
[Round "7.5"]
[White "Seibold, Hubert"]
[Black "Fridlin, Daniel"]
[Result "1-0"]
[WhiteElo "2034"]
[BlackElo "1701"]
[PlyCount "67"]
[EventDate "2026.01.02"]
[WhiteTeam "SK Zirndorf e.V."]
[BlackTeam "SC Noris-Tarrasch NÃ¼rnberg 1873"]

1. c4 Nf6 2. Nc3 g6 3. g3 Bg7 4. Bg2 O-O 5. Nf3 d6 6. d4 c5 7. O-O Nc6 8. d5
Na5 9. Nd2 a6 10. a3 Qc7 11. e4 e6 12. Rb1 exd5 13. cxd5 b5 14. e5 Ne8 15. exd6
Nxd6 16. Nde4 Nxe4 17. Nxe4 Bb7 18. Bf4 Qb6 19. Bd6 Rfc8 20. Bxc5 Qd8 21. Bb4
Nc4 22. Nc5 Rab8 23. Nxb7 Rxb7 24. b3 Nd6 25. Rc1 Rbc7 26. Rc6 Nb7 27. Rxa6 Nc5
28. Rc6 Rxc6 29. dxc6 Qxd1 30. Rxd1 Nxb3 31. Rd7 Nd4 32. Bd5 Kh8 33. c7 Bf6 34.
Bb7 1-0

[Event "Kreismeisterschaft Mittelfranken Mitte 2"]
[Site "Nuernberg"]
[Date "2026.01.06"]
[Round "7.7"]
[White "Ratushna, Olha"]
[Black "Erlbeck, Peter"]
[Result "1/2-1/2"]
[WhiteElo "1749"]
[BlackElo "2019"]
[PlyCount "74"]
[EventDate "2026.01.02"]
[WhiteTeam "SC Schwarz-WeiÃŸ NÃ¼rnberg SÃ¼d e.V"]
[BlackTeam "SC Schwarz-WeiÃŸ NÃ¼rnberg SÃ¼d e.V"]

1. e4 c5 2. c3 Nf6 3. e5 Nd5 4. d4 cxd4 5. cxd4 Nc6 6. Bc4 Nb6 7. Bb5 a6 8.
Bxc6 bxc6 9. Nc3 g6 10. Nf3 Bg7 11. O-O O-O 12. Bg5 h6 13. Bh4 d6 14. exd6 Qxd6
15. h3 f5 16. Re1 g5 17. Bg3 f4 18. Bh2 Nd5 19. Nxd5 cxd5 20. Qe2 Ra7 21. Ne5
Bxe5 22. Qxe5 Qxe5 23. Rxe5 e6 24. Ree1 Rb7 25. b3 Rb4 26. Red1 Kf7 27. Rac1
Kf6 28. Rc6 Kf5 29. f3 Bb7 30. Rc7 Rf6 31. Re7 Rf8 32. Rc7 a5 33. g4+ Kf6 34.
Rh7 Kg6 35. Re7 Kf6 36. Rh7 Kg6 37. Re7 Kf6 1/2-1/2

[Event "Kreismeisterschaft Mittelfranken Mitte 2"]
[Site "Nuernberg"]
[Date "2026.01.06"]
[Round "7.8"]
[White "Gottlieb, Michael"]
[Black "Himonakis, Michael"]
[Result "1/2-1/2"]
[WhiteElo "1755"]
[BlackElo "1916"]
[PlyCount "66"]
[EventDate "2026.01.02"]
[WhiteTeam "SV Postbauer e.V."]
[BlackTeam "SC Noris-Tarrasch NÃ¼rnberg 1873"]

1. e4 c5 2. d4 cxd4 3. Qxd4 Nc6 4. Qd3 g6 5. Nc3 Bg7 6. Nf3 d6 7. Be2 Nf6 8.
O-O O-O 9. Nd5 Nd7 10. c3 Nc5 11. Qc2 a5 12. Bg5 h6 13. Bh4 g5 14. Bg3 e6 15.
Ne3 f5 16. exf5 exf5 17. Bc4+ Kh8 18. Nxg5 hxg5 19. f4 g4 20. h3 Ne4 21. Be1 d5
22. Bxd5 Nb4 23. cxb4 Bd4 24. Bxe4 Bxe3+ 25. Kh1 fxe4 26. Qxe4 Qe8 27. Bc3+ Kg8
28. Qd5+ Qf7 29. Qg5+ Kh7 30. Qh4+ Kg6 31. Qg5+ Kh7 32. Qh4+ Kg6 33. Qg5+ Kh7
1/2-1/2

[Event "Kreismeisterschaft Mittelfranken Mitte 2"]
[Site "Nuernberg"]
[Date "2026.01.06"]
[Round "7.9"]
[White "Civas, Ege Noyan"]
[Black "Hanek, Erik"]
[Result "1/2-1/2"]
[WhiteElo "1847"]
[BlackElo "1856"]
[PlyCount "67"]
[EventDate "2026.01.02"]
[WhiteTeam "SC Schwarz-WeiÃŸ NÃ¼rnberg SÃ¼d e.V"]
[BlackTeam "SC Schwarz-WeiÃŸ NÃ¼rnberg SÃ¼d e.V"]

1. e4 c6 2. d4 d5 3. exd5 cxd5 4. Bd3 Nc6 5. c3 Nf6 6. Bf4 Bg4 7. Nf3 e6 8. O-O
Be7 9. Re1 O-O 10. Nbd2 a6 11. h3 Bh5 12. Nf1 b5 13. Ng3 Bg6 14. Re2 Nh5 15.
Nxh5 Bxh5 16. Qc2 Bg6 17. Rae1 b4 18. Bxg6 hxg6 19. Qa4 Qb6 20. Ne5 Nxe5 21.
Bxe5 bxc3 22. bxc3 Rfc8 23. Re3 Rc4 24. Qb3 Qc6 25. Rb1 Rc8 26. Qb7 Qxb7 27.
Rxb7 Bf6 28. Bxf6 gxf6 29. Rb3 Ra4 30. a3 Rcc4 31. Kf1 Kg7 32. Ke2 Ra5 33. Kd3
Rca4 34. Rb7 1/2-1/2

[Event "Kreismeisterschaft Mittelfranken Mitte 2"]
[Site "Nuernberg"]
[Date "2026.01.06"]
[Round "7.10"]
[White "Atturi, Sathwik Reddy"]
[Black "Vogiatzis, Dimitrios"]
[Result "0-1"]
[WhiteElo "1696"]
[BlackElo "1949"]
[PlyCount "94"]
[EventDate "2026.01.02"]
[WhiteTeam "Spvg Zabo-Eintracht NÃ¼rnberg e.V"]
[BlackTeam "SC Noris-Tarrasch NÃ¼rnberg 1873"]

1. e4 e5 2. Nf3 Nc6 3. Nc3 Nf6 4. d4 exd4 5. Nxd4 d6 6. Nxc6 bxc6 7. Bd3 g6 8.
O-O Bg7 9. h3 O-O 10. Qf3 Nd7 11. Ne2 Ne5 12. Qe3 a5 13. f4 Nxd3 14. Qxd3 Ba6
15. Qf3 f5 16. Rf2 fxe4 17. Qxe4 Re8 18. Qf3 Qe7 19. Qb3+ d5 20. Bd2 Bxe2 21.
Re1 Bd4 22. Qg3 Qc5 23. c3 Bxf2+ 24. Qxf2 Qxf2+ 25. Kxf2 Bc4 26. a3 Rxe1 27.
Bxe1 Re8 28. b4 a4 29. h4 h5 30. b5 cxb5 31. Kg3 Rxe1 32. f5 gxf5 33. Kh2 Ra1
34. Kg3 Kf7 35. Kf4 Kf6 36. Kg3 Ke5 37. Kf2 Rxa3 38. g4 hxg4 39. h5 f4 40. h6
Rxc3 41. h7 Rh3 42. h8=Q+ Rxh8 43. Ke1 Rh2 44. Kd1 Bd3 45. Kc1 a3 46. Kd1 a2
47. Ke1 a1=Q# 0-1

[Event "Kreismeisterschaft Mittelfranken Mitte 2"]
[Site "Nuernberg"]
[Date "2026.01.06"]
[Round "7.11"]
[White "Llugiq, Bajram"]
[Black "Suess, Helmut"]
[Result "1-0"]
[WhiteElo "1914"]
[BlackElo "1868"]
[PlyCount "73"]
[EventDate "2026.01.02"]
[WhiteTeam "SC Schwarz-WeiÃŸ NÃ¼rnberg SÃ¼d e.V"]
[BlackTeam "SC Noris-Tarrasch NÃ¼rnberg 1873"]

1. d4 g6 2. Nf3 Bg7 3. g3 c5 4. Bg2 cxd4 5. Nxd4 Nc6 6. c3 Nf6 7. O-O O-O 8.
Nd2 Nxd4 9. cxd4 d5 10. Nf3 Bf5 11. Nh4 Bd7 12. Bd2 Qb6 13. Bc3 Rac8 14. a4 a6
15. Rc1 Qe6 16. Nf3 Ne4 17. e3 Nxc3 18. bxc3 Rc4 19. Qb3 Qc6 20. a5 e6 21. Nd2
Ra4 22. Ra1 Rxa1 23. Rxa1 Qb5 24. Bf1 Qxb3 25. Nxb3 Rc8 26. Nc5 Bc6 27. Rb1 Bf8
28. Nxb7 Bxb7 29. Rxb7 Rxc3 30. Bxa6 Bd6 31. Bf1 Rc1 32. a6 Ra1 33. Kg2 Kg7 34.
Bb5 Kf6 35. a7 h5 36. Bc6 Bf8 37. Rd7 1-0

[Event "Kreismeisterschaft Mittelfranken Mitte 2"]
[Site "Nuernberg"]
[Date "2026.01.06"]
[Round "7.13"]
[White "Simin, Vladimir"]
[Black "Ramonat, Valentin"]
[Result "0-1"]
[WhiteElo "1935"]
[BlackElo "1748"]
[PlyCount "82"]
[EventDate "2026.01.02"]
[WhiteTeam "SC Schwarz-WeiÃŸ NÃ¼rnberg SÃ¼d e.V"]
[BlackTeam "SC Schwarz-WeiÃŸ NÃ¼rnberg SÃ¼d e.V"]

1. c4 Nf6 2. Nc3 g6 3. d4 Bg7 4. e4 d6 5. Be2 O-O 6. h4 e5 7. d5 h5 8. Bg5 c6
9. f3 cxd5 10. Nxd5 Be6 11. Nh3 Bxd5 12. cxd5 Nbd7 13. Qd2 Kh7 14. Nf2 a5 15.
g4 hxg4 16. h5 Qb6 17. fxg4 Qxf2+ 18. Kxf2 Nxe4+ 19. Kg2 Nxd2 20. hxg6+ Kxg6
21. Bxd2 Nc5 22. g5 Rh8 23. Rxh8 Rxh8 24. Bxa5 Kxg5 25. Bd2+ Kg6 26. b4 Nd7 27.
a4 f5 28. a5 e4 29. Ra3 Be5 30. b5 Rh2+ 31. Kf1 f4 32. a6 bxa6 33. bxa6 f3 34.
Bxf3 exf3 35. a7 Bd4 36. Rxf3 Bxa7 37. Bf4 Rh1+ 38. Kg2 Rg1+ 39. Kh2 Ne5 40.
Rc3 Kf5 41. Rc7 Kxf4 0-1

[Event "Kreismeisterschaft Mittelfranken Mitte 2"]
[Site "Nuernberg"]
[Date "2026.01.06"]
[Round "7.14"]
[White "Duong, Ba Duc"]
[Black "Holzmann, Alisa"]
[Result "1-0"]
[WhiteElo "1829"]
[BlackElo "1512"]
[PlyCount "53"]
[EventDate "2026.01.02"]
[WhiteTeam "SK NÃ¼rnberg 1911 e.V."]
[BlackTeam "SC JÃ„KLECHEMIE Talente Franken e"]

1. e4 c5 2. Nc3 a6 3. f4 b5 4. Nf3 Bb7 5. d3 d6 6. g3 Nf6 7. Bg2 Nbd7 8. O-O
Qc7 9. h3 e5 10. g4 g6 11. Be3 O-O-O 12. Ng5 Bg7 13. Nxf7 Rdf8 14. Nxh8 Rxh8
15. fxe5 Nxe5 16. Bg5 Rf8 17. Bxf6 Bxf6 18. g5 Bg7 19. Rxf8+ Bxf8 20. Qd2 c4
21. d4 Nf7 22. Rf1 Qe7 23. e5 dxe5 24. Bxb7+ Kxb7 25. Qg2+ Ka7 26. Nd5 Qd7 27.
Qf2 1-0

[Event "Kreismeisterschaft Mittelfranken Mitte 2"]
[Site "Nuernberg"]
[Date "2026.01.06"]
[Round "7.15"]
[White "Werner, Norbert"]
[Black "Meyer, Stefan"]
[Result "1-0"]
[WhiteElo "1875"]
[BlackElo "1708"]
[PlyCount "111"]
[EventDate "2026.01.02"]
[WhiteTeam "SC Schwarz-WeiÃŸ NÃ¼rnberg SÃ¼d e.V"]
[BlackTeam "SC Noris-Tarrasch NÃ¼rnberg 1873"]

1. d4 Nf6 2. Nf3 g6 3. Bf4 Bg7 4. e3 O-O 5. c4 d6 6. Nc3 c5 7. Be2 Nh5 8. Bg3
Bg4 9. h3 Nxg3 10. fxg3 cxd4 11. exd4 Bxf3 12. Bxf3 Nc6 13. d5 Ne5 14. Be2 Qb6
15. Qd2 Rac8 16. Na4 Qa6 17. b3 Nxc4 18. Bxc4 Rxc4 19. bxc4 Bxa1 20. O-O Be5
21. Nc3 Qxc4 22. Ne2 Qc5+ 23. Kh2 Qb5 24. Rc1 Qd7 25. Qc2 h5 26. Qc7 Qxc7 27.
Rxc7 Rb8 28. Rxe7 a6 29. Kg1 Kf8 30. Rc7 Ke8 31. Kf2 b6 32. Kf3 b5 33. Ra7 Rb6
34. g4 h4 35. g5 f5 36. gxf6 Bxf6 37. Nf4 g5 38. Ne6 b4 39. Ke4 b3 40. axb3
Rxb3 41. Kf5 Be7 42. Kg6 Rg3 43. Ng7+ Kd8 44. Nf5 Rxg2 45. Nxe7 g4 46. Nc6+ Ke8
47. Ra8+ Kd7 48. Rd8+ Kc7 49. hxg4 Rxg4+ 50. Kf5 Rc4 51. Rh8 Kb6 52. Ne7 a5 53.
Ke6 Rd4 54. Kxd6 a4 55. Rb8+ Ka7 56. Nc6+ 1-0